00935cam a22002415a 4500001001000000003000400010005001700014008004100031020001800072040003600090082002100126245010600147260003700253300003600290504004100326650003900367650005000406653002400456700002400480942000800504999001700512952016400529017571236OSt20161208113454.0150929t2016 gw a frb 000 0 eng d a9783662466223 aStDuBDSbengcStDuBDSdEG-ScBUE04a617.632222bNON00aNon-surgical control of periodontal diseases :ba comprehensive handbook /cPaul A. Levi ... [et al.] aHeidelberg :bSpringer,cc.2016. axviii, 216 p. :bill. ;c26 cm. aIncludes bibliographical references. 7aPeriodontal disease.2BUEsh932101 7aPeriodontal diseasexTreatment.2BUEsh940770 bDDentcDecember20161 aLevi, Paul A.,cJr. 2ddc c23518d23490 00102ddc40708AlahramaMAINbMAINc1STd2016-12-08ePurchaseg752.00l2m52o617.632 NONp000040308q2022-05-28r2018-05-15 00:00:00s2018-05-15v940.00yBB